| 000 | 00940nam a22002057a 4500 | ||
|---|---|---|---|
| 999 |
_c194044 _d194044 |
||
| 005 | 20230328124137.0 | ||
| 010 | _aB-746896-907 E.N.A./7.11.22 | ||
| 020 |
_a9788183822473 _c695.00 |
||
| 035 | _aB-746896-907 | ||
| 037 | _bLotus Press Publishers & Distributors | ||
| 082 | _a954.01 | ||
| 100 | _aMehta, L.J. | ||
| 245 |
_aHistory of Ancient India: _bFrom the earliest times to 1206 A.D./ _cJ.L. Mehta and Sarita Mehta |
||
| 260 |
_aNew Delhi _bLotus Press Publishers & Distributors |
||
| 270 |
_a4735/22, Prakash Deep Building Ansari Road, Daryaganj, _bNew Delhi _e110002 _k41325510 |
||
| 300 |
_a815p. _c22cm(pbk) |
||
| 700 | _aMehta, Sarita | ||
| 942 |
_2ddc _cEN _mMEH _h954.01 |
||